| 000 | 01508nam a22003377a 4500 | ||
|---|---|---|---|
| 999 |
_c21490 _d21490 |
||
| 003 | AR-CdUCM | ||
| 008 | 190220b ||||| |||| 00| 0 spa d | ||
| 020 | _a9789972513312 | ||
| 040 |
_aMUNICIPALIDAD PROVINCIAL DEL CUSCO _cBIBLIOTECA MUNICIPAL DEL CUSCO |
||
| 082 |
_a985.0191/A92 _bA92 _2segunda edición (facsimilar) |
||
| 100 |
_aÁvila, Francisco de _945032 |
||
| 245 |
_aDioses y hombres de Huarochirí : _bnarración quechua recogida por Francisco de Ávila ¿1598? / _ctraducción, José María Arguedas ; estudio biobibliográfico, Pierre Duviols ; presentación, Roxana Barrantes Cáceres. |
||
| 260 |
_aLima : _bInstituto de Estudios Peruanos, IEP, _c2017. |
||
| 300 |
_a278 páginas. : _bilustraciones, facsímiles. ; _c23 cm. |
||
| 440 |
_aSerie Fuentes e Investigaciones para la Historia del Perú, _n1. _945033 |
||
| 500 | _a"Edición bilingüe". Texto en español y quechua. Edición facsimilar en estuche. Incluye índice análitico: p. [269]-273. | ||
| 650 |
_aÁvila, Francisco de _945034 |
||
| 650 |
_aMitología _945035 |
||
| 650 |
_aÉpoca Prehispánica _92714 |
||
| 650 |
_aHistoria _945036 |
||
| 650 |
_aDocumentos _97186 |
||
| 650 |
_aFuentes escritas _92045 |
||
| 650 |
_aHuarochirí _937856 |
||
| 650 |
_aPerú _945037 |
||
| 700 |
_aArguedas, José María (traductor) _945038 |
||
| 700 |
_aDuviols, Pierre _945039 |
||
| 700 |
_aBarrantes, Roxana (presentadora) _945040 |
||
| 710 |
_aInstituto de Estudios Peruanos (Lima) _99759 |
||
| 942 |
_2ddc _cLIBROS |
||
| 945 | _aRoel | ||